Finančná analýza v poisťovniach

Recenzovaný učebný text sa venuje problematike finančnej analýzy v komplexnom podaní ako primárneho zdroja informácií pre finančné riadenie poisťovacích spoločností. Venuje sa ako otázkam a východiskám použitia finančnej analýzy v poisťovniach, tak aj ich obmedzeniam, zdrojom informácií a najfrekven...

Descripción completa

Guardado en:
Detalles Bibliográficos
Autor principal: Littvová, Zuzana
Formato: Capítulo de libro
Lenguaje:eslovaco
Materias:
Etiquetas: Agregar Etiqueta
Sin Etiquetas, Sea el primero en etiquetar este registro!

MARC

LEADER 00000nla$a2200000$$$4500
001 0050130
005 20240502071558.1
041 0 |a slo 
044 |a SK 
245 1 0 |a Finančná analýza v poisťovniach  |c Zuzana Littvová 
520 |a Recenzovaný učebný text sa venuje problematike finančnej analýzy v komplexnom podaní ako primárneho zdroja informácií pre finančné riadenie poisťovacích spoločností. Venuje sa ako otázkam a východiskám použitia finančnej analýzy v poisťovniach, tak aj ich obmedzeniam, zdrojom informácií a najfrekventovanejším rozborovým technikám používaných pri analyzovaní. Autorka nielen rozpisuje jednotlivé ukazovatele, ale zaoberá sa ako ich vypovedacou schopnosťou, tak aj vzájomnými väzbami a spôsobmi vyhodnocovania jednotlivých finančných ukazovateľov, čo nemalou mierou prispieva k jednoduchšiemu pochopeniu problematiky finančnej analýzy. 
610 2 0 |a poisťovne 
610 2 0 |a recenzie 
610 2 0 |a analýza finančná 
610 2 0 |a riadenie finančné 
100 1 |a Littvová, Zuzana